[Event "Trophee jeunes"]
[Site "?"]
[Date "2003.12.06"]
[Round "?"]
[White "Goudet, Maxence"]
[Black "Paran, Gregoire"]
[Result "1-0"]
[WhiteElo "1070"]
[BlackElo "1099"]
[PlyCount "107"]

1. e4 e5 2. Nf3 Nc6 3. Bc4 Nf6 4. Nc3 Bb4 5. Qe2 O-O 6. O-O Bxc3 7. dxc3 d5 8.
exd5 Nxd5 9. Nxe5 Nxe5 10. Qxe5 Nf6 11. Bg5 Qd6 12. Qxd6 cxd6 13. Bxf6 gxf6 14.
Rae1 Bf5 15. Re7 Bg6 16. Rxb7 Rac8 17. Bd3 Bh5 18. Rxa7 Rb8 19. Ra5 Bg6 20.
Bxg6 hxg6 21. b4 Ra8 22. Rxa8 Rxa8 23. Ra1 Rc8 24. Rb1 Rxc3 25. Rb2 Rc4 26. f3
d5 27. b5 Rc8 28. b6 Rb8 29. b7 Kf8 30. Kf2 Ke8 31. Ke3 Kd7 32. Rb5 Kc6 33. Rb3
Kc5 34. Rc3+ Kd6 35. Rb3 Ke5 36. f4+ Kd6 37. Kd4 g5 38. Rb6+ Ke7 39. fxg5 fxg5
40. Kxd5 Kd7 41. c4 Kc7 42. c5 Rxb7 43. Rxb7+ Kxb7 44. Kd6 Kc8 45. c6 f6 46. c7
f5 47. a4 g4 48. a5 f4 49. a6 f3 50. a7 Kb7 51. Kd7 fxg2 52. c8=Q+ Kxa7 53. Kc6
g1=Q 54. Qb7# 1-0

[Event "Trophee jeunes"]
[Site "?"]
[Date "2003.12.06"]
[Round "?"]
[White "Triantafilidis, Thomas"]
[Black "Carrot, Axel"]
[Result "0-1"]
[WhiteElo "1199"]
[BlackElo "1340"]
[PlyCount "92"]

1. d4 d5 2. Nc3 Bf5 3. Bg5 h6 4. Bh4 g5 5. Bg3 Nf6 6. f3 e6 7. e4 dxe4 8. fxe4
Bxe4 9. Nxe4 Nxe4 10. Qe2 Nxg3 11. hxg3 Qxd4 12. Nf3 Qxb2 13. Qd1 Bb4+ 14. Kf2
Bc3 15. Bd3 Qb6+ 16. Ke2 Bxa1 17. Qxa1 Rg8 18. Rxh6 Nc6 19. c4 O-O-O 20. Nxg5
Rxg5 21. Rh8 Rxh8 22. Qxh8+ Nd8 23. Qe8 Rxg3 24. c5 Qxc5 25. Bb5 Qc2+ 26. Kf1
c6 27. Be2 Qxa2 28. Kf2 Rc3 29. Qh8 Rc2 30. Qh3 Rxe2+ 31. Kg3 Re3+ 32. Kh2
Rxh3+ 33. Kxh3 c5 34. g4 c4 35. Kh4 c3 36. Kh5 c2 37. g5 c1=R 38. Kh6 Rh1+ 39.
Kg7 Qb2+ 40. Kf8 Rh8+ 41. Ke7 Rh7 42. g6 f6+ 43. gxh7 Qh2 44. Ke8 Qd6 45. h8=Q
Qd7+ 46. Kf8 Qf7# 0-1

[Event "Trophee jeunes"]
[Site "?"]
[Date "2003.12.06"]
[Round "?"]
[White "Giroux, Sylvain"]
[Black "Nespoulous, Oceane"]
[Result "1-0"]
[WhiteElo "1399"]
[BlackElo "1099"]
[PlyCount "67"]

1. d4 d5 2. c4 dxc4 3. Qa4+ Bd7 4. Qxc4 Be6 5. Qd3 Nc6 6. Nf3 Qd5 7. e4 Qa5+ 8.
Nc3 Nb4 9. Qd2 g5 10. d5 Bd7 11. Nxg5 O-O-O 12. Nxf7 Bg7 13. Nxh8 Bxh8 14. a3
Na6 15. Qg5 Bxc3+ 16. Kd1 Bb5 17. Bxb5 Qxb5 18. bxc3 c6 19. Qf5+ Kc7 20. Bf4+
Kb6 21. Be3+ Kc7 22. Kc2 cxd5 23. Bf4+ Kc6 24. Qe6+ Kc5 25. Rhd1 Nf6 26. Qxe7+
Kb6 27. Qxd8+ Kc5 28. Qxf6 Qa4+ 29. Kb2 Qb5+ 30. Ka2 Qc4+ 31. Kb2 Qb5+ 32. Kc1
Qb3 33. Rxd5+ Kc4 34. Qd4# 1-0

[Event "Trophee jeunes"]
[Site "?"]
[Date "2003.12.06"]
[Round "?"]
[White "Moya-Quiros, Vincent"]
[Black "Paratcha, Yohan"]
[Result "0-1"]
[WhiteElo "1009"]
[BlackElo "1199"]
[PlyCount "56"]

1. e4 e5 2. d4 d5 3. f4 dxe4 4. fxe5 Nc6 5. Bd2 Nxd4 6. Bb5+ Nxb5 7. Nc3 c6 8.
Nxb5 cxb5 9. Qg4 Bxg4 10. Ba5 Qxa5+ 11. c3 b4 12. a3 bxc3 13. b4 Qxe5 14. h3 c2
15. hxg4 Qxa1+ 16. Kd2 c1=Q+ 17. Ke2 Qaxa3 18. Nf3 Qcb2+ 19. Nd2 e3 20. Rb1
Qxd2+ 21. Kf3 Qd4 22. Re1 e2+ 23. Kxe2 Bxb4 24. Rd1 Qxg4+ 25. Kf2 Qxd1 26. g3
Qd4+ 27. Kf1 Qdb2 28. g4 Qaa1# 0-1

[Event "Trophee jeunes"]
[Site "?"]
[Date "2003.12.06"]
[Round "?"]
[White "Guyot, Corentin"]
[Black "Farge, Damien"]
[Result "0-1"]
[WhiteElo "1099"]
[BlackElo "1610"]
[PlyCount "70"]

1. e4 c5 2. c3 d6 3. Nf3 Nf6 4. d3 Nc6 5. d4 Nxe4 6. dxc5 Nxc5 7. Bc4 g6 8. O-O
Bg7 9. Bf4 Ne6 10. g3 Nxf4 11. gxf4 O-O 12. Qe2 e5 13. Bd5 Bg4 14. h3 Bxh3 15.
Rd1 Bg4 16. c4 exf4 17. Bxc6 bxc6 18. Qe4 Bxf3 19. Qxf3 Qg5+ 20. Kf1 Bxb2 21.
Nc3 Bxa1 22. Rxa1 c5 23. Qc6 Qe5 24. Re1 Qxc3 25. Qxd6 Qxc4+ 26. Re2 Rfe8 27.
Qd1 Qxe2+ 28. Qxe2 Rxe2 29. Kxe2 h5 30. f3 c4 31. a3 Rd8 32. a4 c3 33. Kf2 c2
34. Kg2 c1=Q 35. Kh3 Qh1# 0-1

[Event "Trophee jeunes"]
[Site "?"]
[Date "2003.12.06"]
[Round "?"]
[White "Brosse, Benjamin"]
[Black "Panazza, Lilian"]
[Result "0-1"]
[WhiteElo "1199"]
[BlackElo "1099"]
[PlyCount "132"]

1. e4 Nc6 2. Bc4 g6 3. Qf3 e6 4. Qxf7+ Kxf7 5. Nf3 Nd4 6. Nxd4 Nf6 7. Nf3 Nxe4
8. O-O Ng5 9. Nxg5+ Qxg5 10. d3 Qe7 11. Nc3 h5 12. Ne4 Bh6 13. Re1 Bxc1 14.
Raxc1 d5 15. Rcd1 dxc4 16. dxc4 e5 17. Re3 Bf5 18. Rf3 Rad8 19. Nc3 c6 20. a3
b5 21. cxb5 cxb5 22. b3 Rb8 23. a4 a6 24. Nd5 Qe6 25. Nc7 Qe7 26. Nxa6 Ra8 27.
Nb4 Qxb4 28. Rd7+ Ke8 29. Rd1 Rd8 30. h3 Rxd1+ 31. Kh2 e4 32. Rxf5 Qd6+ 33. g3
gxf5 34. axb5 Rg8 35. c4 Qxg3+ 36. fxg3 Rd2+ 37. Kg1 Rxg3+ 38. Kf1 Rxh3 39. Kg1
Rd1+ 40. Kg2 Rdd3 41. b6 Rh4 42. b7 Rd8 43. Kg3 Rh1 44. c5 Rc1 45. b4 h4+ 46.
Kxh4 e3 47. c6 e2 48. b5 e1=Q+ 49. Kg5 Qf1 50. c7 Rxc7 51. b6 Rxb7 52. Kg6
Rxb6+ 53. Kg7 Qg1+ 54. Kh7 Rb7+ 55. Kh6 Qe1 56. Kg5 Rb4 57. Kxf5 Rd5+ 58. Kg6
Rb6+ 59. Kg7 Ke7 60. Kh7 Qh1+ 61. Kg7 Rf5 62. Kg8 Ke6 63. Kg7 Ke5 64. Kg8 Rh5
65. Kg7 Rh7+ 66. Kg8 Rb8# 0-1

[Event "Trophee jeunes"]
[Site "?"]
[Date "2003.12.06"]
[Round "?"]
[White "Desassis, Emmeran"]
[Black "Bruyas, Benjamin"]
[Result "0-1"]
[WhiteElo "1009"]
[BlackElo "1250"]
[PlyCount "48"]

1. e4 e6 2. Bc4 Nc6 3. Nf3 d5 4. exd5 exd5 5. Bb3 Bg4 6. O-O Nf6 7. h3 Bh5 8.
Nc3 Bb4 9. Nxd5 Nxd5 10. Bxd5 Qxd5 11. g4 Bg6 12. Re1+ Be7 13. d3 O-O 14. c4
Qxd3 15. Qxd3 Bxd3 16. Rd1 Be2 17. Rd8 Raxd8 18. Bg5 Bxf3 19. Re1 Bxg5 20. Re3
Bxe3 21. fxe3 Rd2 22. Kf1 Rfd8 23. b4 Rxa2 24. h4 Rd1# 0-1

[Event "Trophee jeunes"]
[Site "?"]
[Date "2003.12.06"]
[Round "?"]
[White "Vinot, Sebastien"]
[Black "Gidrol, Celine"]
[Result "1-0"]
[WhiteElo "1220"]
[BlackElo "1009"]
[PlyCount "47"]

1. e4 e5 2. Nf3 d6 3. Nc3 Nc6 4. Bc4 Bg4 5. d3 Qd7 6. Be3 Na5 7. Bb5 Nf6 8.
Bxd7+ Nxd7 9. Nd5 Be7 10. Nxc7+ Kd8 11. Nxa8 Nc6 12. Qd2 Nc5 13. O-O-O Bf6 14.
h3 Kc8 15. hxg4 h6 16. d4 Kb8 17. dxc5 b6 18. cxb6 axb6 19. Nxb6 Nd8 20. Qc3
Ne6 21. Nd7+ Kb7 22. Rxd6 Be7 23. Rb6+ Ka7 24. Qa5# 1-0

[Event "Trophee jeunes"]
[Site "?"]
[Date "2003.12.06"]
[Round "?"]
[White "Bonnet, Mickael"]
[Black "Oriol, Jonathan"]
[Result "1-0"]
[WhiteElo "1299"]
[BlackElo "1199"]
[PlyCount "91"]

1. Nc3 e5 2. b3 Nc6 3. Bb2 Be7 4. Nf3 Nf6 5. g3 O-O 6. Bg2 a5 7. O-O Ra6 8. d3
Rb6 9. Ne4 d5 10. Nxf6+ gxf6 11. e4 dxe4 12. dxe4 Qxd1 13. Raxd1 Rd8 14. Rxd8+
Bxd8 15. Nd2 h5 16. Nc4 Rb4 17. Rd1 Be7 18. a3 Rb5 19. a4 Rc5 20. Ba3 Rxc4 21.
bxc4 Bxa3 22. Bf3 Ne7 23. Bxh5 f5 24. exf5 Nxf5 25. Rd8+ Kh7 26. Rxc8 Bd6 27.
Bxf7 Kg7 28. Bd5 Be7 29. Rxc7 e4 30. Bxe4 Nd6 31. Rxe7+ Kf6 32. Rxb7 Nxe4 33.
Rb6+ Ke5 34. Rb5+ Kd4 35. Rxa5 Kxc4 36. Re5 Nd6 37. h4 Kd4 38. Re6 Nf5 39. h5
Kd5 40. Ra6 Ke5 41. Ra5+ Kf6 42. Rxf5+ Kxf5 43. a5 Ke6 44. a6 Kd7 45. a7 Kc7
46. a8=Q 1-0

[Event "Trophee jeunes"]
[Site "?"]
[Date "2003.12.06"]
[Round "?"]
[White "Vinot, Alexandre"]
[Black "Chalendar, Antoine"]
[Result "0-1"]
[WhiteElo "1240"]
[BlackElo "1299"]
[PlyCount "86"]

1. e4 e5 2. Nf3 Nc6 3. Bc4 d6 4. d3 Nf6 5. Ng5 d5 6. exd5 Nxd5 7. O-O Be7 8. h4
Na5 9. Qf3 Bxg5 10. hxg5 c6 11. Bd2 Nxc4 12. dxc4 Ne7 13. Re1 Ng6 14. Nc3 O-O
15. Rad1 Qc7 16. Ne4 b6 17. Bb4 Re8 18. Rd6 Bb7 19. c5 b5 20. Re3 a5 21. Ba3 b4
22. Bxb4 axb4 23. Qf5 Rxa2 24. g3 Rxb2 25. c3 b3 26. Rf3 Rc2 27. Qd7 Qxd7 28.
Rxd7 Rb8 29. Nd6 b2 30. Rfxf7 b1=Q+ 31. Kg2 e4 32. Rf5 e3 33. Rdf7 e2 34. Nxb7
e1=Q 35. Kh3 Qh1+ 36. Kg4 Qbd1+ 37. f3 Ne5+ 38. Kf4 Qdxf3+ 39. Kxe5 Qe1+ 40.
Kd6 Qfxg3+ 41. Kxc6 Rb2 42. Rd7 Rc8+ 43. Kd5 Qd3# 0-1

[Event "Trophee jeunes"]
[Site "?"]
[Date "2003.12.06"]
[Round "?"]
[White "Bonnevialle, Benjamin"]
[Black "Massard, Quentin"]
[Result "1-0"]
[WhiteElo "1299"]
[BlackElo "1009"]
[PlyCount "64"]

1. Nf3 Nc6 2. Nc3 Nf6 3. d3 g5 4. Be3 Bh6 5. Qd2 g4 6. Nd4 Bxe3 7. Qxe3 Nxd4 8.
Qxd4 b6 9. Qe3 Bb7 10. Qg5 h6 11. Qg7 Rf8 12. Qxh6 Bd5 13. O-O-O Bxa2 14. Nxa2
Qb8 15. Qh4 Qb7 16. h3 Qd5 17. c4 Qd4 18. hxg4 Qxb2+ 19. Kxb2 Kd8 20. g5 Ng8
21. Qh8 Kc8 22. g3 Kb7 23. Bg2+ Ka6 24. Bxa8 Rxa8 25. Nb4+ Kb7 26. Rh7 e6 27.
Rxf7 Nf6 28. Qxf6 a5 29. Nc2 a4 30. Rxd7 a3+ 31. Nxa3 Rxa3 32. Kxa3 Ka6 1-0

[Event "Trophee jeunes"]
[Site "?"]
[Date "2003.12.06"]
[Round "?"]
[White "Chabanal, Quentin"]
[Black "Barbier, Thomas"]
[Result "0-1"]
[WhiteElo "1009"]
[BlackElo "1199"]
[PlyCount "76"]

1. e4 d5 2. Nc3 Bg4 3. f3 Be6 4. Qe2 d4 5. d3 dxc3 6. bxc3 Nf6 7. Ba3 Bd7 8. e5
Nd5 9. c4 Nc3 10. Qd2 Na4 11. d4 e6 12. Bxf8 Rxf8 13. a3 Nc6 14. c5 Qe7 15. Bb5
Na5 16. Bxa4 Bxa4 17. Qxa5 Bxc2 18. Rc1 Bf5 19. g4 Qh4+ 20. Kd1 Qf2 21. Ne2 Bd3
22. Rc3 Qxe2+ 23. Kc1 Qe3+ 24. Kb2 Qd2+ 25. Kb3 Bc2+ 26. Kb4 Qxd4+ 27. Rc4 Qd2+
28. Rc3 Rd8 29. Ra1 Rd4+ 30. Kb5 Ba4+ 31. Qxa4 Qxc3 32. Rb1 Qd3+ 33. Qc4 Qxb1+
34. Ka4 Rxc4+ 35. Ka5 Qa1 36. Kb5 Rc3 37. a4 Qb2+ 38. Ka5 Rxc5# 0-1

[Event "Trophee jeunes"]
[Site "?"]
[Date "2003.12.06"]
[Round "?"]
[White "Debernardi, Hippolyte"]
[Black "Desassis, Gregoire"]
[Result "0-1"]
[WhiteElo "1009"]
[BlackElo "1260"]
[PlyCount "116"]

1. e4 e6 2. d4 d5 3. exd5 exd5 4. Bb5+ Nc6 5. Nc3 Bd6 6. Nxd5 a6 7. Qe2+ Be6 8.
Bxc6+ bxc6 9. Nf4 Qf6 10. Nxe6 Qxe6 11. Qxe6+ fxe6 12. Nf3 Ne7 13. Bg5 O-O 14.
Ne5 c5 15. Nd7 Rf5 16. Bxe7 Bxe7 17. dxc5 Bxc5 18. O-O Rd8 19. Nxc5 Rxc5 20. c3
Rd2 21. Rab1 Re5 22. a4 Ree2 23. b4 Rc2 24. Rb3 Ra2 25. a5 Kf8 26. c4 Ke7 27.
h3 c6 28. c5 Kf6 29. Rf3+ Ke7 30. Re3 Reb2 31. Rfe1 h6 32. Rxe6+ Kf7 33. Re7+
Kg6 34. R7e6+ Kh7 35. Rxc6 Rxf2 36. Rxa6 Rxg2+ 37. Kh1 Rh2+ 38. Kg1 Rxh3 39. c6
Rg3+ 40. Kh1 Raa3 41. Kh2 Rgc3 42. b5 Rc2+ 43. Kg1 Rg3+ 44. Kf1 Rgg2 45. Ra1
Rh2 46. Kg1 Kg6 47. c7+ Kf7 48. Ra7 Rhg2+ 49. Kf1 Kg6 50. b6 Rgf2+ 51. Kg1 Rf8
52. Rb1 Rc5 53. a6 Rg5+ 54. Kh1 Rf4 55. Rb2 Rh4+ 56. Rh2 Rhg4 57. Rxh6+ gxh6
58. c8=Q Rh4+ 0-1

[Event "Trophee jeunes"]
[Site "?"]
[Date "2003.12.06"]
[Round "?"]
[White "Gidrol, Thibault"]
[Black "Charron, Arthur"]
[Result "1-0"]
[WhiteElo "1280"]
[BlackElo "1099"]
[PlyCount "81"]

1. e4 e5 2. Nf3 Nc6 3. d4 exd4 4. Nxd4 Nxd4 5. Qxd4 Nf6 6. Bd3 Bd6 7. O-O O-O
8. e5 Bxe5 9. Qxe5 d6 10. Qg3 Nh5 11. Qe3 Re8 12. Qd4 c5 13. Qd5 Nf6 14. Qf3
Bg4 15. Qg3 g6 16. b3 Be2 17. Re1 Bxd3 18. Rxe8+ Qxe8 19. Qxd3 Qe1+ 20. Qf1 Qb4
21. Bb2 Kg7 22. Bc3 Qe4 23. Nd2 Qxc2 24. Nb1 d5 25. Bxf6+ Kxf6 26. Na3 Qb2 27.
Nb5 Re8 28. Rb1 Qxa2 29. Nc3 Qc2 30. Nxd5+ Kg7 31. Ne3 Qd2 32. Nc4 Qc3 33. Nd6
Re6 34. Nxb7 Qc2 35. Rc1 Qxb3 36. Nxc5 Qd5 37. Nxe6+ Qxe6 38. Re1 Qa2 39. Re2
Qc4 40. Qa1+ Kg8 41. Re8# 1-0

[Event "Trophee jeunes"]
[Site "?"]
[Date "2003.12.06"]
[Round "?"]
[White "Oriol, Nicolas"]
[Black "Desassis, Maxence"]
[Result "0-1"]
[WhiteElo "1009"]
[BlackElo "1290"]
[PlyCount "52"]

1. e4 c6 2. Nf3 d5 3. exd5 cxd5 4. Nc3 Bf5 5. Nxd5 Qxd5 6. c4 Qe4+ 7. Be2 Nc6
8. d3 Qe6 9. Ng5 Qg6 10. Qd2 Rd8 11. Qd1 Bxd3 12. Bh5 Qf5 13. Nxf7 Qe4+ 14. Be3
Qxg2 15. Kd2 Rd7 16. Nxh8+ Bg6+ 17. Bd4 Rxd4+ 18. Ke2 Qe4+ 19. Kf1 Rxd1+ 20.
Rxd1 Qxh1+ 21. Ke2 Bxh5+ 22. f3 Qxf3+ 23. Ke1 Qxd1+ 24. Kf2 Qe2+ 25. Kg3 Qf3+
26. Kh4 Qg4# 0-1

[Event "Trophee jeunes"]
[Site "?"]
[Date "2003.12.06"]
[Round "?"]
[White "Saby, Jonathan"]
[Black "Nogier, Joris"]
[Result "0-1"]
[WhiteElo "1099"]
[BlackElo "1009"]
[PlyCount "84"]

1. g3 e5 2. Bg2 Nf6 3. d3 Bb4+ 4. Bd2 Bxd2+ 5. Nxd2 O-O 6. e4 Nc6 7. Ne2 Qe7 8.
O-O Qb4 9. a3 Qxb2 10. Rb1 Qxa3 11. Nc4 Qc5 12. Qc1 b5 13. Na5 Nxa5 14. Qe1
Qxc2 15. Bf3 Qc6 16. Qxa5 Qa6 17. Qxc7 Ne8 18. Qxe5 d6 19. Qa1 Nc7 20. Qxa6
Nxa6 21. Rxb5 Rb8 22. Rfb1 Rxb5 23. Rxb5 Nc7 24. Rd5 Nxd5 25. exd5 a5 26. Nc3
Re8 27. d4 Re1+ 28. Kg2 Bb7 29. Nb5 Rd1 30. Bxd1 Bxd5+ 31. f3 Bc6 32. Nxd6 h6
33. Nc4 a4 34. Kf2 Bb5 35. Nb2 a3 36. d5 axb2 37. d6 b1=Q 38. Ke3 Qxd1 39. Ke4
Qxd6 40. f4 Qd3+ 41. Ke5 f6+ 42. Ke6 Qd7# 0-1

[Event "Trophee jeunes"]
[Site "?"]
[Date "2003.12.06"]
[Round "?"]
[White "Gidrol, Thibault"]
[Black "Goudet, Maxence"]
[Result "1-0"]
[WhiteElo "1280"]
[BlackElo "1070"]
[PlyCount "79"]

1. e4 e6 2. g3 d5 3. e5 Nc6 4. Nf3 g6 5. d4 Nh6 6. Nbd2 Nf5 7. Nb3 Bb4+ 8. c3
Be7 9. Bg2 Bd7 10. O-O f6 11. exf6 Bxf6 12. Nc5 b6 13. Nxd7 Qxd7 14. b4 O-O-O
15. a3 e5 16. dxe5 Nxe5 17. Nxe5 Bxe5 18. a4 Bxc3 19. Rb1 Rhe8 20. Bg5 Ne7 21.
Qe2 Qxa4 22. Bxe7 Bxb4 23. Qg4+ Rd7 24. Bxb4 d4 25. Qf3 c6 26. Bh3 Red8 27.
Bxd7+ Rxd7 28. Qf8+ Rd8 29. Qf6 d3 30. Qg5 Qc2 31. Rbd1 c5 32. Bd2 b5 33. Rc1
Qa2 34. Qxc5+ Kd7 35. Qc6+ Ke7 36. Bg5+ Kf7 37. Qf6+ Kg8 38. Qxd8+ Kg7 39. Qf6+
Kg8 40. Rc8# 1-0

[Event "Trophee jeunes"]
[Site "?"]
[Date "2003.12.06"]
[Round "?"]
[White "Carrot, Axel"]
[Black "Desassis, Maxence"]
[Result "1-0"]
[WhiteElo "1340"]
[BlackElo "1290"]
[PlyCount "139"]

1. d4 d5 2. Nf3 Nc6 3. Bf4 Bf5 4. e3 Nf6 5. Bb5 e6 6. Bxc6+ bxc6 7. O-O Rb8 8.
b3 Bb4 9. Ne5 O-O 10. Nxc6 Qd7 11. Nxb8 Rxb8 12. Be5 Ne4 13. f3 Nc3 14. Nxc3
Bxc3 15. Rb1 f6 16. Bg3 Qf7 17. Qe2 Re8 18. Rf2 e5 19. dxe5 fxe5 20. e4 Bd4 21.
exf5 Bxf2+ 22. Qxf2 Qxf5 23. Re1 c6 24. Re2 e4 25. fxe4 Qxf2+ 26. Rxf2 Rxe4 27.
h3 Re1+ 28. Kh2 Ra1 29. c4 dxc4 30. bxc4 Rc1 31. Bb8 a6 32. Rf4 Rc2 33. a3 g5
34. Rg4 h6 35. h4 Kh7 36. hxg5 hxg5 37. Bc7 Rc3 38. Bd6 Kg6 39. Be7 Kf7 40. Bc5
Kg6 41. g3 Kf5 42. Rd4 Ke5 43. Rg4 Kf5 44. Rd4 Ke5 45. Kh3 Kf5 46. Bb4 Rb3 47.
Rd6 g4+ 48. Kh4 Rb2 49. Rd2 Rb1 50. Rh2 Rc1 51. Rf2+ Kg6 52. Rf4 Rh1+ 53. Kxg4
Rh5 54. Kf3 Kg5 55. Ke4 Kg6 56. g4 Rg5 57. Kd4 a5 58. Be7 c5+ 59. Ke4 Rxg4 60.
Rxg4+ Kf7 61. Bxc5 Ke6 62. Bf8 Kd7 63. c5 Kc6 64. Rg6+ Kb5 65. c6 a4 66. c7 Kc4
67. c8=Q+ Kb3 68. Rb6+ Ka2 69. Qc2+ Ka1 70. Bg7# 1-0

[Event "Trophee jeunes"]
[Site "?"]
[Date "2003.12.06"]
[Round "?"]
[White "Saby, Jonathan"]
[Black "Giroux, Sylvain"]
[Result "0-1"]
[WhiteElo "1099"]
[BlackElo "1399"]
[PlyCount "124"]

1. g3 e5 2. Bg2 Bc5 3. Nf3 Nc6 4. O-O Nf6 5. d3 O-O 6. Nc3 d6 7. a3 a6 8. Bg5
Bg4 9. Bxf6 Qxf6 10. Nd5 Qd8 11. Rc1 Be6 12. Nc3 Nd4 13. Rb1 b6 14. Nxd4 d5 15.
Nxe6 fxe6 16. b4 Bd4 17. Na2 Rf5 18. Bh3 Rf6 19. Qe1 Qf8 20. e3 Bxe3 21. Qxe3
Qd6 22. Rbd1 Raf8 23. Rd2 c5 24. bxc5 bxc5 25. Nc3 d4 26. Qe4 dxc3 27. Rdd1 Qd4
28. Qg2 h5 29. Rde1 g5 30. g4 h4 31. a4 Rf3 32. Re2 c4 33. dxc4 R8f4 34. c5
Qxc5 35. a5 Qxa5 36. Kh1 Qd5 37. Kg1 a5 38. Re3 Qc6 39. Rxf3 Qxf3 40. Qxf3 Rxf3
41. Bg2 Rf4 42. Re1 Rxg4 43. Rxe5 h3 44. Rxe6 Rxg2+ 45. Kh1 Rxf2 46. Re1 Rxc2
47. Re8+ Kg7 48. Re1 Rb2 49. Kg1 c2 50. Rc1 a4 51. Kf1 g4 52. Ke2 g3 53. hxg3
h2 54. Rh1 c1=Q+ 55. Kd3 Qxh1 56. g4 Rb4 57. Ke3 Qe4+ 58. Kd2 Qxg4 59. Kc3 Rf4
60. Kd3 Qg3+ 61. Ke2 Rf2+ 62. Ke1 Qg1# 0-1

[Event "Trophee jeunes"]
[Site "?"]
[Date "2003.12.06"]
[Round "?"]
[White "Paratcha, Yohan"]
[Black "Janisset, Franck"]
[Result "1-0"]
[WhiteElo "1199"]
[BlackElo "1099"]
[PlyCount "75"]

1. e4 e5 2. Nf3 Nc6 3. Bb5 a6 4. Bxc6 bxc6 5. d4 d6 6. O-O Bg4 7. dxe5 dxe5 8.
Qxd8+ Rxd8 9. Nxe5 Bd1 10. Nc3 Bh5 11. Nxc6 Rd6 12. Ne5 f6 13. Bf4 fxe5 14.
Bxe5 Re6 15. Bxc7 Rc6 16. Nd5 Be2 17. Rfe1 Bc4 18. Rad1 Bd6 19. b3 Bb5 20. c4
Bxc7 21. cxb5 Rc5 22. bxa6 Rc6 23. a7 Ra6 24. Nxc7+ Kf7 25. Nxa6 Nf6 26. e5 Nd5
27. Rxd5 Ra8 28. e6+ Kf6 29. Rd7 Kf5 30. e7 g5 31. e8=Q Rxe8 32. Rxe8 Kf4 33.
a8=Q g4 34. Rf7+ Kg5 35. Rg8+ Kh6 36. Qc6+ Kh5 37. Qg6+ Kh4 38. Qxh7# 1-0

[Event "Trophee jeunes"]
[Site "?"]
[Date "2003.12.06"]
[Round "?"]
[White "Farge, Damien"]
[Black "Bonnet, Mickael"]
[Result "1/2-1/2"]
[WhiteElo "1610"]
[BlackElo "1299"]
[PlyCount "70"]

1. e4 Nf6 2. e5 Nd5 3. Nf3 g6 4. d4 Bg7 5. Bc4 e6 6. Qd2 O-O 7. O-O c6 8. b3
Na6 9. Nc3 b5 10. Nxd5 bxc4 11. Nb4 Nxb4 12. Qxb4 cxb3 13. Qxb3 Ba6 14. c4 Qb6
15. Ba3 Qxb3 16. axb3 Rfb8 17. Bd6 Rxb3 18. Rxa6 Bf8 19. Bxf8 Kxf8 20. Ng5 Kg7
21. Ne4 Rd3 22. d5 cxd5 23. cxd5 Rxd5 24. f4 Rc8 25. Rxa7 Rc4 26. Re1 Rdd4 27.
Nd6 Rc2 28. Rxd7 Rdd2 29. Rxf7+ Kh6 30. Ne4 Rxg2+ 31. Kf1 Rxh2 32. Kg1 Rhg2+
33. Kf1 Rh2 34. Kg1 Rhg2+ 35. Kh1 Rh2+ 1/2-1/2

[Event "Trophee jeunes"]
[Site "?"]
[Date "2003.12.06"]
[Round "?"]
[White "Chalendar, Antoine"]
[Black "Brosse, Benjamin"]
[Result "1-0"]
[WhiteElo "1299"]
[BlackElo "1199"]
[PlyCount "53"]

1. Nf3 d5 2. d4 Nf6 3. Bf4 Nc6 4. e3 Bf5 5. Bd3 e6 6. a3 Nb4 7. axb4 Bxb4+ 8.
c3 Bd6 9. Bxd6 Qxd6 10. O-O Ng4 11. Bxf5 exf5 12. Qb3 O-O 13. Qxb7 Rae8 14.
Qxa7 Rxe3 15. fxe3 Nxe3 16. Qa8 h6 17. Qa6 Qf4 18. Re1 Re8 19. Qc6 Re7 20. Ra8+
Kh7 21. Re8 Qg4 22. Re2 Nc2 23. R8xe7 Qf4 24. Rxc2 f6 25. Qe8 h5 26. Qxh5+ Kg8
27. Re8# 1-0

[Event "Trophee jeunes"]
[Site "?"]
[Date "2003.12.06"]
[Round "?"]
[White "Bruyas, Benjamin"]
[Black "Bonnevialle, Benjamin"]
[Result "1-0"]
[WhiteElo "1250"]
[BlackElo "1299"]
[PlyCount "24"]

1. Nf3 Nc6 2. d4 Nf6 3. c4 e6 4. Bg5 Qe7 5. a3 g6 6. g3 b6 7. Bg2 Bb7 8. Ne5
O-O-O 9. O-O Bg7 10. Nc3 Ba6 11. Bxc6 h6 12. Bxf6 12... Bxf6 {Suite illisible}
1-0

[Event "Trophee jeunes"]
[Site "?"]
[Date "2003.12.06"]
[Round "?"]
[White "Barbier, Thomas"]
[Black "Vinot, Sebastien"]
[Result "1-0"]
[WhiteElo "1199"]
[BlackElo "1220"]
[PlyCount "83"]

1. d4 d5 2. Bf4 Nc6 3. e3 Nf6 4. Bb5 Bd7 5. Nf3 e6 6. O-O a6 7. Bxc6 Bxc6 8.
Nc3 Qd7 9. Ne5 Qd6 10. Nxf7 Qd7 11. Nxh8 O-O-O 12. Bg5 Be7 13. Nf7 Rf8 14. Ne5
Qd6 15. Bxf6 Bxf6 16. Ng4 b5 17. Nxf6 Rxf6 18. Qg4 Rh6 19. h3 Rg6 20. Qf3 b4
21. Ne2 Bd7 22. Nf4 Rg5 23. e4 dxe4 24. Qxe4 Kd8 25. d5 exd5 26. Qe3 Bc6 27.
Ne6+ Kd7 28. Nxg5 d4 29. Qd3 Qd5 30. f3 Qxg5 31. Qxd4+ Kc8 32. Rfe1 Bxf3 33.
Re8+ Kb7 34. Qxb4+ Kc6 35. Re6+ Kd5 36. Qb3+ Kd4 37. Qxf3 Qc5 38. Qf2+ Kd5 39.
Qxc5+ Kxc5 40. Rd1 c6 41. Rf1 Kd5 42. Re8 1-0

[Event "Trophee jeunes"]
[Site "?"]
[Date "2003.12.06"]
[Round "?"]
[White "Paran, Gregoire"]
[Black "Debernardi, Hippolyte"]
[Result "1-0"]
[WhiteElo "1099"]
[BlackElo "1009"]
[PlyCount "53"]

1. e4 e5 2. Nf3 Nc6 3. Nc3 Bb4 4. d4 Bxc3+ 5. bxc3 exd4 6. Nxd4 d5 7. Nxc6 bxc6
8. exd5 Qxd5 9. Qxd5 cxd5 10. Bd3 Nf6 11. O-O O-O 12. Bg5 Ng4 13. Rad1 f6 14.
Bf4 c5 15. Bd6 Rd8 16. Bxc5 Be6 17. Rfe1 Bd7 18. Re7 Ba4 19. c4 dxc4 20. Bxc4+
Kh8 21. Rxd8+ Rxd8 22. Re1 Bxc2 23. h3 Ne5 24. Bb3 Bxb3 25. axb3 Rd5 26. Bxa7
Nd3 27. Re8# 1-0

[Event "Trophee jeunes"]
[Site "?"]
[Date "2003.12.06"]
[Round "?"]
[White "Charron, Arthur"]
[Black "Triantafilidis, Thomas"]
[Result "1-0"]
[WhiteElo "1099"]
[BlackElo "1199"]
[PlyCount "39"]

1. e4 e5 2. Nf3 Nc6 3. Bc4 a6 4. O-O Bd6 5. c3 Nf6 6. d3 b5 7. Bb3 O-O 8. d4
exd4 9. cxd4 Nxe4 10. d5 Na5 11. Bc2 b4 12. Bxe4 c5 13. Nh4 c4 14. Qh5 g6 15.
Qh6 c3 16. bxc3 bxc3 17. Nxc3 Rb8 18. Nd1 Re8 19. Bb2 Rxe4 20. Qg7# 1-0

[Event "Trophee jeunes"]
[Site "?"]
[Date "2003.12.06"]
[Round "?"]
[White "Nespoulous, Oceane"]
[Black "Oriol, Nicolas"]
[Result "1-0"]
[WhiteElo "1099"]
[BlackElo "1009"]
[PlyCount "135"]

1. e4 e5 2. Bc4 Nf6 3. Nf3 Bc5 4. O-O O-O 5. d3 Nc6 6. Bg5 Qe7 7. Nc3 Qd6 8.
Qd2 Ng4 9. h3 Nf6 10. Nb5 Qe7 11. Nxc7 Rb8 12. Qe2 h6 13. Be3 Na5 14. a3 Nxc4
15. dxc4 Nxe4 16. Qd3 Bxe3 17. fxe3 Ng3 18. Rf2 e4 19. Qe2 Nxe2+ 20. Rxe2 exf3
21. gxf3 Qg5+ 22. Kf2 Qh4+ 23. Kf1 Qxh3+ 24. Kf2 Qh2+ 25. Kf1 Qh1+ 26. Kf2 Re8
27. Rxh1 Re5 28. f4 Re4 29. Rh5 g6 30. Re5 Rxc4 31. Re8+ Kg7 32. Nd5 h5 33. b3
Rc5 34. b4 Rxd5 35. e4 Rd4 36. c3 Rc4 37. Rc2 h4 38. Kg2 d6 39. a4 h3+ 40. Kh2
d5 41. exd5 Rxf4 42. c4 b6 43. b5 Rb7 44. Rxc8 Rh4 45. c5 Re7 46. cxb6 Re3 47.
d6 Rd3 48. b7 Rxd6 49. b8=Q Rd3 50. Rg8+ Kh6 51. Rh8+ Kg5 52. Qc8 f5 53. Rc3
Rd2+ 54. Kg3 h2 55. Rc1 f4+ 56. Kf3 Rd3+ 57. Ke4 Re3+ 58. Kd4 Rg3 59. Qc5+ Kg4
60. Rh1 Rg2 61. Rxh4+ Kxh4 62. Qc1 f3 63. Qf1 f2 64. Qxg2 f1=Q 65. Qxf1 Kg5 66.
Rxh2 Kg4 67. Rg2+ Kh5 68. Qh1# 1-0

[Event "Trophee jeunes"]
[Site "?"]
[Date "2003.12.06"]
[Round "?"]
[White "Nogier, Joris"]
[Black "Moya-Quiros, Vincent"]
[Result "1-0"]
[WhiteElo "1009"]
[BlackElo "1009"]
[PlyCount "31"]

1. e4 e5 2. Nf3 Nc6 3. Bb5 Bb4 4. O-O a6 5. Ba4 Nd4 6. Nxd4 exd4 7. d3 Qe7 8.
h3 Nf6 9. Bg5 h6 10. Bxf6 gxf6 11. Na3 Bxa3 12. bxa3 Qf8 13. c4 Qg7 14. Qg4 Qh7
15. c5 Rg8 16. Qh5 {Suite illisible} 1-0

[Event "Trophee jeunes"]
[Site "?"]
[Date "2003.12.06"]
[Round "?"]
[White "Oriol, Jonathan"]
[Black "Guyot, Corentin"]
[Result "0-1"]
[WhiteElo "1199"]
[BlackElo "1099"]
[PlyCount "42"]

1. e4 e5 2. Bc4 Nf6 3. Nf3 Nc6 4. O-O d5 5. Bb5 dxe4 6. Nh4 a6 7. Ba4 Bc5 8.
Nc3 Bg4 9. Qe1 b5 10. Bb3 a5 11. h3 Be6 12. Nxb5 a4 13. Bxe6 fxe6 14. d3 exd3
15. cxd3 Qxd3 16. Bd2 Qxb5 17. Rd1 Rd8 18. Bc1 Rxd1 19. Qxd1 O-O 20. b3 axb3
21. Qxb3 21... Qe2 {Les Blancs jouent ici un coup impossible : 22.De1, les
Noirs repondant 22...Fxf2+ 23.Txf2 Dxe1+ etc} 0-1